000
00230nam a2200085Ia 4500
008
170620s9999 xx 000 0 und d
100
_a
Mangal- S. K.
245
0
_a
Teaching of Physical Science
260
_b
Meerut- International Publishing House
260
_c
2006
999
_c
24137
_d
24137